|
|
|
|
| LEADER |
00000nam0a2200000 4500 |
| 001 |
146227 |
| 005 |
20231101221216.0 |
| 010 |
|
|
|a 9785388001122
|
| 035 |
|
|
|a (RuTPU)RU\TPU\book\158498
|
| 090 |
|
|
|a 146227
|
| 100 |
|
|
|a 20081028d2008 m y0rusy50 ca
|
| 101 |
0 |
|
|a rus
|
| 102 |
|
|
|a RU
|
| 105 |
|
|
|a y j 001zy
|
| 200 |
1 |
|
|a Теория культуры
|e учебное пособие для вузов
|f под ред. С. Н. Иконниковой, В. П. Большаковой
|
| 210 |
|
|
|a СПб.
|c Питер
|d 2008
|
| 215 |
|
|
|a 592 с.
|
| 225 |
1 |
|
|a Учебное пособие
|
| 320 |
|
|
|a Библиогр.: с. 578-590.
|
| 320 |
|
|
|a Словарь терминов: с. 568-577.
|
| 330 |
|
|
|a Учебное пособие создано коллективом высококвалифицированных специалистов кафедры теории и истории культуры Санкт-Петербургского государственного университета культуры и искусств. В нем изложены теоретические представления о культуре, ее сущности, становлении и развитии, особенностях и методах изучения. В книге также рассматриваются такие вопросы, как преемственность и новаторство в культуре, культура повседневности, семиотика культуры и межкультурных коммуникаций. Большое место в издании уделено специфике современной, в том числе постмодернистской, культуры, векторам дальнейшего развития культурологии. Учебное пособие полностью соответствует Государственному образовательному стандарту по предмету «Теория культуры» и предназначено для студентов, обучающихся по направлению «Культурология», и преподавателей культурологических дисциплин. Написанное ярко и доходчиво, оно будет интересно также историкам, философам, искусствоведам и всем тем, кого привлекают проблемы развития культуры.
|
| 606 |
1 |
|
|a Культура
|x Теория
|2 stltpush
|3 (RuTPU)RU\TPU\subj\16745
|9 42679
|
| 610 |
1 |
|
|a культурология
|
| 610 |
1 |
|
|a история
|
| 610 |
1 |
|
|a методология
|
| 610 |
1 |
|
|a культурные ценности
|
| 610 |
1 |
|
|a правовая культура
|
| 610 |
1 |
|
|a экономическая культура
|
| 610 |
1 |
|
|a политическая культура
|
| 610 |
1 |
|
|a культурогенез
|
| 610 |
1 |
|
|a этническая культура
|
| 610 |
1 |
|
|a традиции
|
| 610 |
1 |
|
|a культурные отношения
|
| 610 |
1 |
|
|a межкультурные коммуникации
|
| 610 |
1 |
|
|a повседневная культура
|
| 610 |
1 |
|
|a искусство
|
| 610 |
1 |
|
|a пространство
|
| 610 |
1 |
|
|a время
|
| 610 |
1 |
|
|a современность
|
| 610 |
1 |
|
|a глобализация
|
| 610 |
1 |
|
|a учебные пособия
|
| 610 |
1 |
|
|a новаторство
|
| 610 |
1 |
|
|a преемственность
|
| 610 |
1 |
|
|a социокультурная динамика
|
| 610 |
1 |
|
|a постмодернизм
|
| 610 |
1 |
|
|a исторические типологии
|
| 610 |
1 |
|
|a современная культура
|
| 686 |
|
|
|a Ч111я73
|v LBC/SL-A
|2 rubbk
|
| 702 |
|
1 |
|a Иконникова
|b С. Н.
|4 340
|
| 702 |
|
1 |
|a Большакова
|b В. П.
|4 340
|
| 801 |
|
1 |
|a RU
|b 63413507
|c 20081028
|g PSBO
|
| 801 |
|
2 |
|a RU
|b 63413507
|c 20150611
|g PSBO
|
| 900 |
|
|
|a Культурология
|
| 942 |
|
|
|c BK
|
| 951 |
|
|
|b 031400
|b 031401
|
| 959 |
|
|
|a 94/20081023
|d 2
|e 258,00
|f АНЛ:1
|f ЧЗГЛ:1
|